Gaming Quiz

Random Gaming or Pokémon Quiz

5 by 5 Pokémon by Type Quiz Stats

 Plays Quiz Updated Nov 11, 2019

Score 0/25 Timer 05:00
18 Plays Today
Hint Answer % Correct
ElectricPikachu
97.9%
WaterSquirtle
95%
Bulbasaur
90.5%
Psyduck
89.4%
Jigglypuff
88.1%
Magikarp
88.1%
Eevee
87.1%
Rattata
86.8%
Meowth
85.6%
BugWeedle
83.7%
Oddish
82.4%
NormalPidgey
82.2%
PoisonKoffing
81.9%
Hint Answer % Correct
Voltorb
81.5%
Zapdos
81.1%
Staryu
81.1%
Metapod
79.7%
Nidoran♂
78.9%
Tentacool
78.7%
Gastly
78.4%
Scyther
78.4%
Paras
75.3%
Electabuzz
73.6%
Magnemite
72.9%
Venonat
70.6%

You're not logged in!

Compare scores with friends on all Sporcle quizzes.
OR
Log In

Sporcle TV

Today on Sporcle TV


Watch our educational content, quiz creation guides, and fun videos on Sporcle TV.

Show Comments

Extras

Top Quizzes Today


Score Distribution

Your Account Isn't Verified!

In order to create a playlist on Sporcle, you need to verify the email address you used during registration. Go to your Sporcle Settings to finish the process.

Report this User

Report this user for behavior that violates our Community Guidelines.

Details: